Mutants Quiz - Statistics

General Stats
  • This quiz has been taken 22 times
  • The average score is 36 of 53
Answer Stats
Hint Answer % Correct
bone claws, healing factor Wolverine
100%
emit optic blasts from his eyes Cyclops
94%
healing factor, fourth wall breaking Deadpool
94%
telepahty, telekinesis Jean Grey
94%
manipulate all forms of magnetism Magneto
94%
teleportation, prehensile tail Nightcrawler
94%
telepathy, mind control Professor X
94%
absorb powers Rogue
94%
manipulate weather Storm
94%
flight Angel
89%
transform his body into organic steel Colossus
89%
manipulate iceand cold Iceman
89%
claws, fangs, healing factor Sabretooth
89%
superhuman leap, projectable tongue Toad
89%
sonic screams Banshee
83%
shapeshifting Mystique
83%
fangs, claws, strength, durability, agility Beast
78%
generates a psionic aura that alters the probabilities of events and actions or luck Domino
78%
telepathy, transform her body into organic diamond Emma Frost
78%
absorb ambient cosmic energy and emante from his body Havok
78%
nuclear detonation Negasonic Teenage Warhead
78%
pyrokinesis Pyro
78%
super speed Quicksilver
78%
absorb radiant or conductive energy and redirect it from his body Bishop
72%
reactive evolution Darwin
72%
manipulate pure kinetic energy Gambit
72%
intangibility Kitty Pryde
72%
psionic blade Psylocke
72%
absorb kinetic and thermal energy Sebastian Shaw
72%
indestructibility Blob
67%
telepahty, telekinesis Cable
61%
teleporation through time and space Magik
61%
absorb solar energy and channel it Sunspot
61%
superhuman senses, strength Warpath
61%
immortality, teleportation Azazel
56%
create teleportation portals Blink
56%
psionically sense other mutants Caliban
56%
bodily generate thermo-chemical energy and release it from his skin Cannonball
56%
generate pyrotechnic plasmoids Jubilee
56%
transform herself into a wolf Wolfsbane
56%
death precognition or electricity manipulation Yukio
50%
flight, eject flaming acid Angel Salvadore
44%
telekinesis, matter manipulation, healing factor Apocalypse
44%
generate and control fire Firefist
44%
can't feel pain, enhanced strength Francis Fanny
44%
nullify powers of other mutants Leech
44%
teleportation John Wraith
39%
communicate with animals, create concepts that are three dimensional Mirage
39%
tactohypnosis Silver Fox
39%
toxin immunity, regeneration Viper
39%
absorb kinetic energy Agent Zero
33%
self-duplication Multiple Man
28%
create tornadoes from his hands Riptide
28%
No matching quizzes found
Score Distribution
Percent of People with Each Score
Percentile by Number Answered
Your Score History
You have not taken this quiz